CONTABILIDAD DE COSTOS: UN ENFOQUE GERENCIAL (Registro nro. 217273)
[ vista simple ]
| 000 -LEADER | |
|---|---|
| campo de control de longitud fija | 00849nam a2200301Ia 4500 |
| 005 - FECHA Y HORA DE LA ÚLTIMA TRANSACCIÓN | |
| campo de control | 20250425161837.0 |
| 008 - DATOS DE LONGITUD FIJA--INFORMACIÓN GENERAL | |
| campo de control de longitud fija | 250425s9999 xx 000 0 und d |
| 020 ## - NÚMERO INTERNACIONAL ESTÁNDAR DEL LIBRO | |
| Número Internacional Estándar del Libro | 9688801798 |
| 041 ## - CÓDIGO DE IDIOMA | |
| Código de lengua del texto/banda sonora o título independiente | spa |
| 043 ## - CÓDIGO DE ÁREA GEOGRÁFICA | |
| Código de área geográfica | mx |
| 082 ## - NÚMERO DE LA CLASIFICACIÓN DECIMAL DEWEY | |
| Número de clasificación | 657.42 |
| 010 ## - NÚMERO DE CONTROL DE LA BIBLIOTECA DEL CONGRESO | |
| Número de control de LC | 32100 |
| 100 ## - ENTRADA PRINCIPAL--NOMBRE DE PERSONA | |
| Nombre de persona | HORNGREN, CHARLES T. |
| 245 #0 - MENCIÓN DEL TÍTULO | |
| Título | CONTABILIDAD DE COSTOS: UN ENFOQUE GERENCIAL |
| 250 ## - MENCION DE EDICION | |
| Mención de edición | 6A ED. |
| 260 ## - PUBLICACIÓN, DISTRIBUCIÓN, ETC. | |
| Lugar de publicación, distribución, etc. | México |
| Nombre del editor, distribuidor, etc. | PRENTICE- HALL HISPANOAMERICANA, S.A. |
| Fecha de publicación, distribución, etc. | 1991 |
| 260 ## - PUBLICACIÓN, DISTRIBUCIÓN, ETC. | |
| Lugar de publicación, distribución, etc. | S.L. |
| 300 ## - DESCRIPCIÓN FÍSICA | |
| Extensión | 1120 |
| 500 ## - NOTA GENERAL | |
| Nota general | Título Traducido: COST ACCOUNTING : A MANAGERIAL EMPHASIS |
| 650 ## - PUNTO DE ACCESO ADICIONAL DE MATERIA--TÉRMINO DE MATERIA | |
| Término de materia o nombre geográfico como elemento de entrada | CONTABILIDAD DE COSTOS |
| 650 ## - PUNTO DE ACCESO ADICIONAL DE MATERIA--TÉRMINO DE MATERIA | |
| Término de materia o nombre geográfico como elemento de entrada | CONTROL ADMINISTRATIVO |
| 650 ## - PUNTO DE ACCESO ADICIONAL DE MATERIA--TÉRMINO DE MATERIA | |
| Término de materia o nombre geográfico como elemento de entrada | PLANEACION |
| 650 ## - PUNTO DE ACCESO ADICIONAL DE MATERIA--TÉRMINO DE MATERIA | |
| Término de materia o nombre geográfico como elemento de entrada | PROGRAMACION LINEAL |
| 650 ## - PUNTO DE ACCESO ADICIONAL DE MATERIA--TÉRMINO DE MATERIA | |
| Término de materia o nombre geográfico como elemento de entrada | TOMA DE DECISIONES |
| 700 ## - ENTRADA AGREGADA--NOMBRE PERSONAL | |
| Nombre de persona | JULIO CORO PANDO |
| Término indicativo de función/relación | traductor |
| 710 ## - ENTRADA AGREGADA--NOMBRE DE ENTIDAD CORPORATIVA | |
| Nombre de entidad corporativa o nombre de jurisdicción como elemento de entrada | PRENTICE-HALL HISPANOAMERICANA, S.A. |
| 942 ## - ELEMENTOS DE ENTRADA SECUNDARIOS (KOHA) | |
| Tipo de ítem Koha | Libros |
| Estatus retirado | Estado de pérdida | Estado de daño | No para préstamo | Biblioteca de origen | Biblioteca actual | Ubicación en estantería | Fecha de adquisición | Coste, precio normal de compra | Total de préstamos | Código de barras | Copia número | Nota pública |
|---|---|---|---|---|---|---|---|---|---|---|---|---|
| ESCUELA DE NEGOCIOS | ESCUELA DE NEGOCIOS | 25/01/2001 | 3.00 | CP-00050 | 1 | COMPRA | ||||||
| ESCUELA DE NEGOCIOS | ESCUELA DE NEGOCIOS | 25/01/2001 | 3.00 | CP-00636 | 2 | COMPRA | ||||||
| ESCUELA DE NEGOCIOS | ESCUELA DE NEGOCIOS | 25/01/2001 | 3.00 | CP-00637 | 3 | COMPRA | ||||||
| ESCUELA DE NEGOCIOS | ESCUELA DE NEGOCIOS | 25/01/2001 | 3.00 | CP-00638 | 4 | COMPRA | ||||||
| ESCUELA DE NEGOCIOS | ESCUELA DE NEGOCIOS | 25/01/2001 | 3.00 | CP-00639 | 5 | COMPRA | ||||||
| ESCUELA DE NEGOCIOS | ESCUELA DE NEGOCIOS | 25/01/2001 | 3.00 | CP-00640 | 6 | COMPRA |